000 00321nam a2200121Ia 4500
100 _aBerti, Daniela; Jaoul, Nicolas
245 0 _aCultural Entrenchment of Hindutva
264 _bRoutledge
_c2010
300 _a344
700 _a Kanungo, Pralay
942 _cIR
999 _c120756
_d120756